[Event "KAZ-ch 2018"]
[Site "Almaty"]
[Date "2018.04.21"]
[Round "2"]
[White "Makhnev, Denis"]
[Black "Nogerbek, Kazybek"]
[Result "1/2-1/2"]
[WhiteElo "2409"]
[BlackElo "2323"]
[Annotator "ChessBase"]
[PlyCount "73"]
[EventDate "2018.??.??"]
[EventType "tourn"]
[EventCountry "KAZ"]
[SourceTitle "playchess.com"]
[Source "ChessBase"]
[SourceQuality "1"]
[TimeControl "40/5400+30:1800+30"]

1. d4 {[%emt 0:00:00]} d6 {[%emt 0:00:10]} 2. e4 {[%emt 0:00:00]} Nf6 {[%emt 0:00:16]} 3. Nc3 {[%emt 0:00:06]} e5 {[%emt 0:00:06]} 4. Nf3 {[%emt 0:00:06]} Nbd7 {[%emt 0:00:06]} 5. Bc4 {[%emt 0:00:25]} Be7 {[%emt 0:00:09]} 6. O-O {[%emt 0:00:09]} O-O {[%emt 0:00:06]} 7. Re1 {[%emt 0:00:16]} a6 {[%emt 0:00:12]} 8. a4 {[%emt 0:00:08]} b6 {[%emt 0:00:05]} 9. Bf1 {[%emt 0:08:07]} Bb7 {[%emt 0:02:32]} 10. dxe5 {[%emt 0:06:13]} dxe5 {[%emt 0:03:20]} 11. Nd5 {[%emt 0:00:07]} Nxd5 {[%emt 0:02:23]} 12. exd5 {[%emt 0:01:51]} Bd6 {[%emt 0:02:52]} 13. c4 {[%emt 0:03:38]} Re8 {[%emt 0:03:18]} 14. Bd3 {[%emt 0:04:25]} h6 {[%emt 0:02:50]} 15. Bc2 {[%emt 0:09:46]} Nf6 {[%emt 0:03:32]} 16. b3 {[%emt 0:19:29]} c6 {[%emt 0:02:27]} 17. dxc6 {[%emt 0:01:15]} Bxc6 {[%emt 0:00:41]} 18. Bb2 {[%emt 0:07:41]} Qc7 {[%emt 0:02:19]} 19. Nh4 {[%emt 0:02:20]} Rad8 {[%emt 0:06:05]} 20. Qe2 {[%emt 0:00:09]} Bb4 {[%emt 0:04:23]} 21. Red1 {[%emt 0:00:17]} Rxd1+ {[%emt 0:01:30]} 22. Rxd1 {[%emt 0:00:05]} b5 {[%emt 0:05:09]} 23. axb5 {[%emt 0:00:58]} axb5 {[%emt 0:01:19]} 24. Nf5 {[%emt 0:06:59]} Bf8 {[%emt 0:01:38]} 25. Qe3 {[%emt 0:02:21]} bxc4 {[%emt 0:03:49]} 26. bxc4 {[%emt 0:02:42]} Bd7 {[%emt 0:02:55]} 27. Qe2 {[%emt 0:02:32]} Bc5 {[%emt 0:08:25]} 28. Qf3 {[%emt 0:04:34]} Bxf5 {[%emt 0:03:06]} 29. Qxf5 {[%emt 0:01:53]} Bd4 {[%emt 0:00:14]} 30. Bxd4 {[%emt 0:00:42]} exd4 {[%emt 0:00:06]} 31. Qd3 {[%emt 0:00:03]} Qc5 {[%emt 0:00:35]} 32. h3 {[%emt 0:01:02]} Rd8 {[%emt 0:00:32]} 33. Rb1 {[%emt 0:00:32]} g6 {[%emt 0:01:00]} 34. Rb5 {[%emt 0:00:29]} Qe7 {[%emt 0:00:19]} 35. g3 {[%emt 0:00:37]} Kg7 {[%emt 0:01:13]} 36. Qf3 {[%emt 0:02:39]} Nd7 {[%emt 0:05:39]} 37. Kg2 {[%emt 0:02:38]} 1/2-1/2

[Event "KAZ-ch 2018"]
[Site "Almaty"]
[Date "2018.04.21"]
[Round "2"]
[White "Saiyn, Zhanat"]
[Black "Igambergenov, Alibek"]
[Result "1-0"]
[WhiteElo "2377"]
[BlackElo "2296"]
[Annotator "TA"]
[PlyCount "55"]
[EventDate "2018.??.??"]
[EventType "tourn"]
[EventCountry "KAZ"]
[SourceTitle "playchess.com"]
[Source "ChessBase"]
[SourceQuality "1"]

{[%evp 18,55,6,4,19,14,12,6,16,-11,-10,-15,0,0,37,24,37,26,82,55,82,77,63,68,162,177,177,168,170,167,615,596,538,456,29990,29991,29991,29992,29995,29996]} 1. Nf3 Nf6 2. e3 d5 3. c4 e6 4. b3 Be7 5. Bb2 O-O 6. Nc3 b6 7. cxd5 {A13: English Opening: 1...e6} (7. d4 Bb7 8. Bd3 Nbd7 9. O-O c5 10. cxd5 Nxd5 11. Nxd5 Bxd5 12. Rc1 Rc8 13. Qe2 cxd4 14. Nxd4 Rxc1 15. Rxc1 Nc5 16. Bb5 Qa8 17. b4 a6 18. Bc4 Na4 19. Bxd5 Qxd5 {1-0 (30) Grischuk,A (2772)-Yu,Y (2751) Huaian 2017}) 7... exd5 8. d4 Bb7 9. Be2 Nbd7 {[%cal Bb8d7,Bd7f8,Bf8e6][%mdl 32]} 10. O-O {LiveBook: 5 Games} Re8 11. Ne5 Bd6 $146 ({Predecessor:} 11... a6 12. f4 c5 13. Rf3 Nf8 14. Bd3 cxd4 15. exd4 b5 16. Rh3 {½-½ (26) Haapasalo,J (2249)-Sorsa,N (2226) Vammala 1999}) 12. f4 a6 13. a3 c5 14. Bd3 Nf8 15. Ne2 Ne6 16. Ng3 cxd4 17. exd4 Ne4 (17... Rc8 $11 {keeps the balance.}) 18. Qg4 {And now Bxe4 would win.} Nf6 19. Qh3 Nf8 20. Rae1 Bc8 {[#]} (20... b5 $14) 21. f5 $1 $18 {[%cal Bf4f5,Bf5e6][%mdl 32]} N8d7 22. Nh5 Nxh5 23. Qxh5 Bxe5 $2 (23... Nf6 24. Qxf7+ Kh8) 24. dxe5 Qe7 25. e6 {White wants to mate with f6.} fxe6 (25... f6 $18 26. exd7 Qc5+ 27. Kh1 Bxd7) 26. fxe6 {[%csl Gd3][%cal Rh5h7] White mates.} Nf6 {[#]} 27. Bxh7+ $1 {[%mdl 512]} Nxh7 28. Qf7+ {Precision: White = 80%, Black = 32%.} 1-0

[Event "KAZ-ch 2018"]
[Site "Almaty"]
[Date "2018.04.21"]
[Round "2"]
[White "Suleymenov, Alisher"]
[Black "Ibrayev, Nurlan"]
[Result "1/2-1/2"]
[WhiteElo "2351"]
[BlackElo "2394"]
[Annotator "TA"]
[PlyCount "180"]
[EventDate "2018.??.??"]
[EventType "tourn"]
[EventCountry "KAZ"]
[SourceTitle "playchess.com"]
[Source "ChessBase"]
[SourceQuality "1"]

{[%evp 24,180,0,0,25,41,31,36,32,34,159,169,152,156,145,156,124,59,147,179,181,68,69,55,45,40,60,20,33,0,130,113,160,78,62,25,169,182,152,200,166,177,175,0,0,0,170,0,0,0,0,0,0,0,0,0,0,0,0,0,0,0,0,0,0,0,0,0,0,0,0,0,0,0,0,0,0,0,0,0,0,0,0,-229,-134,-141,-134,-166,-158,-145,-145,-949,-936,-958,-887,-701,-451,-451,-408,-1072,-3514,-2244,-1072,-1106,-929,-690,0,-991,-1014,-29974,-29975,-12844,-516,-5085,-6015,-29978,-29979,-29983,-29984,-29984,-29985,-29985,-29986,-29985,-29980,-29980,-29979,-29979,-29980,-29980,-29981,-29981,-29982,-29985,-29986,-29986,-29981,-29980,-29981,-29980,-29976,-29976,-29978,-29978,-29979,-29978,-29979,-29984,-29978,-29978,-29976,-29979,-29980,-29976,-29979,-29989,-29990,-29990,-29991]} 1. d4 d5 2. c4 c6 3. Nf3 Nf6 4. Nc3 e6 5. g3 dxc4 6. Bg2 b5 7. O-O Bb7 8. Ne5 a6 9. a4 Nd5 10. e4 Nxc3 11. bxc3 Nd7 12. Bf4 {E04: Open Catalan: 5 Nf3} Be7 13. Qg4 {LiveBook: 8 Games} Nxe5 14. Bxe5 {White has an edge.} Bf6 15. Bxf6 Qxf6 16. e5 Qe7 $146 (16... h5 $14) ({Predecessor:} 16... Qg6 17. axb5 axb5 18. Rxa8+ Bxa8 19. Ra1 O-O {1-0 (28) Petkov,V (2558)-Lazic,M (2461) Padova 2013}) 17. axb5 $16 cxb5 18. Bxb7 Qxb7 19. Qxg7 Rf8 20. d5 ({Better is} 20. Qf6 $16) 20... O-O-O ({Black should try} 20... exd5 $14 21. Qxh7 Qb6) 21. d6 f6 22. Qg4 (22. Qe7 $18 Rde8 23. d7+ Qxd7 24. Qa3) 22... Kb8 $1 $14 23. Qxe6 {d7 is the strong threat.} Rde8 24. Qh3 Rxe5 25. Qh6 Rf7 $1 26. Rfd1 Rd5 (26... Re6 $11 {keeps the balance.}) 27. Qe3 $36 {[%mdl 2048] Keeping Black busy.} Rxd1+ 28. Rxd1 $16 {[%mdl 4096] Endgame KQR-KQR} Rd7 29. Qc5 {Threatens to win with Re1.} Qf3 (29... Qe4 $1 $11 {and Black stays safe.}) 30. Re1 $1 $18 Kb7 31. Re7 Qc6 32. Qf5 $1 Kc8 33. Re8+ (33. Rxh7 $6 Qxd6 34. Rxd7 Qxd7 $14) 33... Kb7 34. Re7 Kc8 $1 35. Rxd7 $2 ({But not} 35. Rxh7 $6 Qxd6 36. Rxd7 Qxd7 $11) (35. h4 $1 $18) 35... Qxd7 $11 36. Qxf6 $18 {KQ-KQ} a5 37. Qe5 Kb7 38. Qd5+ Kb6 39. f4 a4 40. Kf2 a3 41. h4 a2 42. Qa8 Qa7 43. Qxa7+ Kxa7 $11 {KP-KP} 44. d7 a1=Q 45. d8=Q Qxc3 {KQ-KQ} 46. Qd7+ Kb6 47. f5 Qe5 48. Qd8+ Qc7 49. Qd4+ Ka5 50. Qa1+ Kb4 {Strongly threatening ...Qc5+.} 51. f6 c3 {And now ...Qb6+ would win.} 52. Qb1+ Ka3 53. Qf5 $2 (53. Qc1+ $11 {and White is okay.} Ka4 54. Qc2+ Ka3 55. Qc1+ Kb4 56. Qb1+ Ka5 57. Qa2+ Kb4 58. Qb1+) 53... c2 (53... Qf7 $1 $19 54. Qf4 c2) 54. f7 $17 c1=Q $1 {[%cal Rc1d2]} 55. f8=Q+ {[#]} b4 $1 {[%cal Bb5b4,Bb4b3][%mdl 32]} ({Worse is} 55... Ka4 56. Qa8+ Kb4 57. Qae4+ Ka5 58. Qxh7 $11) 56. Qd3+ Q7c3 57. Qa6+ $4 {[%mdl 8192]} (57. Qxc3+ $17 Qxc3 58. Kg2) 57... Kb2 $19 {( -> ...Q1e1+)} 58. Qe2+ Q1c2 59. Qxc2+ Qxc2+ {KQ-KQ} 60. Ke3 b3 61. h5 (61. Qa8 $142) 61... Qc3+ 62. Ke4 Qe1+ (62... Qc4+ $142 63. Ke3 Kc1) 63. Kd4 Qd1+ 64. Ke3 Qe1+ 65. Kd4 Qxg3 66. h6 Qc3+ 67. Ke4 Ka2 (67... Qc4+ $142 68. Ke3 Kc1) 68. Qa8+ {[#]} (68. Qf7 $142) 68... Kb1 $1 69. Qa3 Qc4+ {Black mates.} 70. Kf3 Kc2 71. Qa7 b2 72. Qf2+ Kb3 73. Qb6+ Qb4 74. Qe6+ Ka3 75. Qa6+ Qa4 76. Qd6+ Ka2 77. Qd2 Qc6+ 78. Kg4 Qe4+ 79. Kg5 Qe5+ 80. Kg4 Qc5 81. Qe2 Kb3 82. Qf3+ Qc3 83. Qd1+ Ka3 84. Qb1 Qc4+ 85. Kf5 Qf7+ 86. Kg5 Qe7+ 87. Kf5 Qe3 88. Kg4 Kb3 ({Not} 88... Qxh6 89. Qd3+ Kb4 90. Qd4+ Ka3 91. Qc5+ Ka2 92. Qd5+ Ka1 93. Qa8+ Kb1 94. Qe4+ Kc1 95. Qc4+ Kb1 96. Qe4+ Ka2 97. Qa4+ Kb1 98. Qe4+ $11) 89. Kh4 Qxh6+ 90. Kg4 Qg6+ {[%mdl 32768] Precision: White = 45%, Black = 63%. . An unexpected result.} 1/2-1/2

[Event "KAZ-ch 2018"]
[Site "Almaty"]
[Date "2018.04.22"]
[Round "3"]
[White "Kazakov, Konstantin"]
[Black "Saiyn, Zhanat"]
[Result "1/2-1/2"]
[WhiteElo "2410"]
[BlackElo "2377"]
[Annotator "TA"]
[PlyCount "239"]
[EventDate "2018.??.??"]
[EventType "tourn"]
[EventCountry "KAZ"]
[SourceTitle "playchess.com"]
[Source "ChessBase"]
[SourceQuality "1"]

{[%evp 22,239,44,25,87,72,61,52,86,83,65,28,68,70,89,86,93,102,122,116,143,143,127,115,126,113,122,87,140,161,158,162,138,144,176,172,301,308,300,310,295,269,277,103,95,100,101,97,97,109,103,59,67,52,59,37,50,0,8,2,29,35,35,27,36,34,33,39,52,48,55,7,7,8,27,34,40,21,41,44,55,55,64,62,66,66,76,0,10,0,0,0,0,0,0,0,0,0,0,0,0,0,0,0,0,0,0,0,0,0,0,0,0,0,0,0,0,0,0,0,0,0,0,0,0,0,0,0,0,0,0,0,0,0,0,0,0,0,0,0,0,0,0,0,0,0,0,0,0,0,0,0,0,0,0,0,0,0,0,0,0,0,0,0,0,0,0,0,0,0,0,0,0,0,0,0,0,0,0,0,0,0,0,0,0,0,0,0,0,0,0,0,0,0,0,0,0,0,0,0,0,0,0,0,0,0,0,0,0,0,0,0,0,0,0,0,0,0,0,0]} 1. e4 c5 2. Nf3 Nc6 3. Bb5 d6 4. O-O Bd7 5. c3 Nf6 6. Re1 a6 7. Ba4 b5 8. Bc2 e5 9. h3 Be7 {B51: Sicilian: Moscow Variation (3 Bb5+) without 3...Bd7} 10. d4 O-O 11. d5 Na5 12. Nbd2 {LiveBook: 22 Games} b4 $146 (12... Qc7 $11 {keeps the balance.}) ({Predecessor:} 12... g6 13. Nf1 Nh5 14. g4 Nf4 15. Bxf4 exf4 16. Qc1 Nc4 17. Qxf4 Nxb2 {1-0 (42) Cornette,M (2573)-Vachier Lagrave,M (2684) Le Port Marly 2009}) 13. cxb4 cxb4 14. a3 bxa3 15. b4 ({Don't play} 15. Rxa3 Qb6 $14) ({But not} 15. bxa3 $6 Qc7 $11) 15... Nb7 16. Bxa3 a5 17. bxa5 Nxa5 18. Bd3 {[%cal Bc2d3,Bd3f1,Bf1a6][%mdl 32]} Re8 19. Bf1 Rb8 20. Qc2 Rc8 21. Qb2 Rb8 22. Bb4 Nb7 23. Qa3 Bf8 24. Ba6 Nc5 ({Black should play} 24... Ra8) 25. Bxc5 $16 dxc5 26. Nc4 Rb4 27. Nfxe5 Qc7 28. Qa5 Qa7 (28... Qd8 $142 29. f3 Qb8) 29. Nc6 $18 Bxc6 30. dxc6 Re7 31. Nd6 Qc7 32. Qxc7 $2 ({Much less strong is} 32. Qxc5 $6 Rexe4 33. Rxe4 Rxe4 $16) (32. e5 $18 {has better winning chances.} Qxc6 33. Nf5) 32... Rxc7 $16 {[#]} 33. Bb7 $1 Bxd6 34. e5 Bf8 {Hoping for ...Nd5.} 35. exf6 gxf6 36. Re3 Bd6 37. Rd1 Be5 38. Kf1 Kg7 39. Ke2 Rb2+ 40. Kf3 Bd4 41. Re2 {[#] Black must now prevent Rxd4!} Rb3+ 42. Kf4 Kg6 43. Re8 f5 44. g4 fxg4 45. hxg4 {Strongly threatening Rg8+.} Kg7 46. Ke4 Bxf2 47. Rdd8 {Threatening mate with Rg8+.} Re3+ 48. Kd5 Rd3+ 49. Kc4 Rxd8 50. Rxd8 $11 {[%mdl 4096] Endgame KRB-KRB} Re7 51. Rd3 {[%mdl 1024] White has compensation.} Bd4 52. Kd5 Be5 53. Re3 f6 54. g5 (54. Bc8 $16) 54... Kf7 {The position is equal.} 55. Bc8 Bc7 56. Be6+ (56. Rh3 {is interesting.} Kg7 57. gxf6+ Kxf6 58. Rf3+ Kg5 59. Kxc5 h5 60. Kd4) 56... Kg7 57. gxf6+ Kxf6 58. Rf3+ Kg5 59. Rf5+ Kg6 60. Rf8 c4 61. Rf3 h5 62. Bd7 Kg5 63. Kxc4 Re1 64. Rf7 Rc1+ 65. Kb5 Bh2 66. Rf5+ Kg6 67. Rf8 h4 68. Rf3 Bg3 69. Be6 Kg5 70. Bc4 Bd6 71. Rd3 Rb1+ 72. Ka6 Bc7 73. Bb5 Rc1 74. Kb7 Bf4 75. Ba4 Rb1+ 76. Kc8 Rc1 77. Kd7 Bg3 78. Bb3 Kf6 79. Bd5 Kg5 80. Bg2 Kf6 81. Bh3 Kg5 82. Rf3 Kh6 83. Rf6+ Kg5 84. Rf8 Rd1+ 85. Ke8 Re1+ 86. Kf7 {And now Rg8+ would win.} Rc1 87. Kg7 {[%csl Gh3][%cal Rf8f5]} Be5+ 88. Kh7 {[%csl Gh3][%cal Rf8f5]} Bf6 89. Rc8 Be5 90. Bd7 (90. Rf8 {with more complications.}) 90... Kf4 91. Kg6 Kf3 92. Re8 Bg3 (92... Bd4 {feels hotter.} 93. Ra8 Rc5 94. Kf7 Rc3 95. Ke7 h3) 93. Rh8 Kg2 94. Rh6 Kh2 95. Kf5 Rc4 96. Ke6 Rc5 97. Ke7 Rc1 98. Re6 Kg2 99. Re2+ Kf3 100. Ra2 Ke3 101. Ra6 Kf2 102. Kf6 Rc5 103. Bf5 Be5+ 104. Kg5 Bg3 105. Kg4 Rc4+ 106. Kh3 Rc5 107. Bg4 Rc3 108. Ra2+ Ke3 109. Bd7 Kd3 110. Kg4 Ke3 111. Ra5 Kd4 112. Rh5 Rc5 113. Rh6 Ke3 114. Re6+ Kd4 115. Be8 Kc3 116. Bg6 Rc4+ 117. Kh3 Rc5 118. Re2 Kb4 119. Be4 Rc3 120. Kg2 {Precision: White = 70%, Black = 78%.} 1/2-1/2

[Event "KAZ-ch 2018"]
[Site "Almaty"]
[Date "2018.04.22"]
[Round "3"]
[White "Ibrayev, Nurlan"]
[Black "Ismagambetov, Anuar"]
[Result "0-1"]
[WhiteElo "2394"]
[BlackElo "2547"]
[Annotator "TA"]
[PlyCount "122"]
[EventDate "2018.??.??"]
[EventType "tourn"]
[EventCountry "KAZ"]
[SourceTitle "playchess.com"]
[Source "ChessBase"]
[SourceQuality "1"]

{[%evp 17,122,0,0,6,18,6,27,22,35,0,21,-24,-23,-41,-37,-54,-27,-101,0,0,0,-14,58,48,185,181,137,-14,-11,-6,-16,-9,249,237,372,0,0,0,0,0,0,0,0,0,0,0,184,186,587,575,543,582,573,570,563,0,129,0,531,538,517,382,361,0,437,323,364,55,351,216,190,186,164,115,214,92,313,22,143,140,544,-47,0,-173,-102,-150,-145,-190,-139,-142,0,0,0,0,0,-8,0,0,0,-691,-694,-804,-771,-699,-588,-29987,-846]} 1. e4 c5 2. Nc3 d6 3. f4 Nc6 4. Bb5 Bd7 5. Nf3 g6 6. O-O Bg7 7. d3 a6 8. Bxc6 Bxc6 9. Qe1 Nf6 {LiveBook: 15 Games. B23: Closed Sicilian: Lines without g3} (9... Qd7 10. Bd2 e6 11. Rb1 Ne7 12. a3 b5 13. b4 Bb7 14. Ne2 Rc8 15. Bc3 f6 16. Kh1 O-O 17. Qd2 Qc7 {0-1 (47) Anton Guijarro,D (2634)-Korobov,A (2700) Berlin 2015}) 10. Bd2 Qd7 11. h3 h6 $146 {The position is equal.} ({Predecessor:} 11... O-O 12. a3 b5 13. Qh4 a5 14. f5 b4 15. Nd1 c4 16. Bh6 b3 17. Ne3 bxc2 18. Nxc4 {0-1 (33) Rossolimo,N-Browne,W Malaga 1970}) 12. a3 O-O-O 13. b4 g5 $1 14. fxg5 hxg5 15. Nxg5 Rdg8 16. bxc5 dxc5 17. Rf2 (17. Be3 $11) 17... Bh6 ({Black should try} 17... Rh5 $17 18. e5 (18. Nxf7 Nxe4 19. Nxe4 Bxa1 $17) 18... Bh8) 18. Rf5 $1 $11 (18. Nxf7 Bxd2 19. Qxd2 Rxh3 $17) 18... c4 19. Be3 Rg7 (19... Bxg5 $11 20. Rxg5 Rxg5 21. Bxg5 Rg8 22. Bxf6 Qxh3) 20. Rd1 $14 Rhg8 (20... Bxg5 $14 21. Rxg5 Rxg5 22. Bxg5 Rg8) 21. dxc4 $18 Qc7 {[%cal Rh6g5]} 22. Qh4 $2 (22. h4 $1 $16) 22... Rg6 $1 $11 23. Kh1 e6 $1 {[%cal Re6f5]} 24. Bf4 Qe7 $2 {[%mdl 8192]} (24... Qb6 $11 25. c5 (25. Nxf7 Bxf4 26. Rxf4 Rxg2 $17) 25... Qb2 26. Rxf6 Rxf6 27. Nxf7 Rxf7 28. Qxh6 Qxc2) 25. Bd6 $1 $18 {[%cal Rd6e7]} Qd7 ({But not} 25... Qe8 $6 26. Qf2 $16) (25... Bxg5 $142 26. Rxg5 (26. Bxe7 $2 Bxh4 27. Bxf6 Bxf6 $19) 26... Qd8 27. Rxg6 Rxg6) 26. Qf2 $2 (26. Bh2 $1 $18 {Qg3 would kill now.} Qxd1+ 27. Nxd1) 26... exf5 $11 27. Qa7 {[%csl Gd6][%cal Ra7b8]} Qxd6 $1 28. Rxd6 $40 {[%mdl 128] White mounts an attack.} Bxg5 29. Rxc6+ ({Don't play} 29. exf5 Bxg2+ 30. Kg1 R6g7 $17) 29... bxc6 30. exf5 Rh6 $1 31. Qxa6+ Kd8 $2 (31... Kd7 $11 {and Black has nothing to worry.}) 32. Qxc6 $18 {aiming for Nd5.} Ne8 $2 (32... Re8 {is a better chance.} 33. Qb6+ Kc8 34. Qc5+ Kd7) 33. Qa8+ Ke7 34. Nd5+ Kf8 35. Nc7 $1 Ke7 36. Nd5+ $2 (36. Qe4+ $18 {is more deadly.} Kd7 37. Nd5) 36... Kf8 $16 37. Nc7 $2 {[%mdl 8192]} (37. f6 $1 $16 Bxf6 38. Nc7) 37... Ke7 $1 $18 38. Qe4+ Kd7 39. Qd5+ Ke7 40. Qe4+ Kd7 $1 41. Nb5 Nd6 42. Qd5 $2 ({White must play} 42. Qd4 $18 Ke7 43. Qc5) 42... Ke7 $2 {[%mdl 8192]} (42... Re8 $1 $14) 43. Nd4 Kf8 44. c5 Ne8 45. Qb7 Be7 (45... Bh4 $16 {was necessary.}) 46. c6 (46. Nc6 $1 $18 {[%cal Rc6e7]} Bf6 47. Nb8) 46... Rg4 $2 {[#]} (46... Rd6 $16 47. Qb2 Rg3) 47. c3 $2 (47. f6 $1 $18 {[%mdl 512]} Bxf6 48. c7 Nxc7 49. Nf5 (49. Qc8+ Ne8 $16)) 47... Re4 (47... Bd6 $11) 48. Kg1 $16 Bd6 $2 {[%mdl 8192]} (48... Re1+ $16 {is more resistant.} 49. Kf2 Bh4+ 50. g3 Re7) 49. Kf2 $2 ({Only move:} 49. c7 $1 $18 {[%cal Rc7c8]} Re7 50. c8=Q Rxb7 51. Qxb7) 49... Re5 (49... Re7 $5 {[%cal Re7b7]} 50. Qb2 Rh4 $11) 50. Kf3 $2 (50. a4 $11 {and White stays safe.}) 50... Rc5 (50... Rh4 $19 51. g3 Rxh3) 51. Nb5 Rxf5+ 52. Ke2 Re6+ (52... Rc5 $19 53. a4 Re6+ 54. Kd1 Be5) 53. Kd3 $17 {[#]} Re7 ({Better is} 53... Rc5 $1 $17 {And now ...Bf4 would win.} 54. Kd4 Be7 55. Qxe7+ Kxe7 56. Kxc5 Nd6) 54. Qb6 $1 $11 Bc7 55. Qd4 $1 {[%cal Rd4h8]} Be5 56. Qc5 {Hoping for c7!} Rf6 57. a4 Nc7 58. c4 $2 {[%mdl 8192]} (58. Nxc7 $11 Bxc7 59. a5) 58... Na6 $19 59. Qa3 Rxc6 60. a5 Bf6 61. Qc1 Nb4+ {Precision: White = 35%, Black = 34%.} 0-1

[Event "KAZ-ch 2018"]
[Site "Almaty"]
[Date "2018.04.22"]
[Round "3"]
[White "Agmanov, Zhandos"]
[Black "Makhnev, Denis"]
[Result "1-0"]
[WhiteElo "2360"]
[BlackElo "2409"]
[Annotator "TA"]
[PlyCount "83"]
[EventDate "2018.??.??"]
[EventType "tourn"]
[EventCountry "KAZ"]
[SourceTitle "playchess.com"]
[Source "ChessBase"]
[SourceQuality "1"]

{[%evp 19,83,14,14,-14,-8,0,13,14,22,25,22,12,12,12,38,33,77,74,80,75,80,67,67,71,66,77,75,77,83,95,79,101,141,139,132,133,141,141,141,131,163,154,146,62,59,59,67,52,684,694,700,695,1137,1093,1072,721,713,705,2367,2241,5222,5206,29985,989,5114,2267]} 1. e4 e5 2. Nf3 Nc6 3. d4 exd4 4. Nxd4 Nf6 5. Nxc6 bxc6 6. e5 Qe7 7. Qe2 Nd5 8. c4 Nb6 9. Nc3 Qe6 10. Qe4 Bb7 {LiveBook: 10 Games. C45: Scotch Game} (10... g6 11. Bd2 Ba6 12. c5 Nc4 13. Bg5 Bxc5 14. O-O-O O-O 15. Qf4 d5 16. exd6 Bxd6 17. Rxd6 cxd6 18. Bf6 d5 19. b3 Rab8 20. Be2 c5 21. Rd1 Rfe8 22. Nxd5 {1-0 (22) Van Foreest,J (2629)-Tari,A (2599) Wijk aan Zee 2018}) 11. Bd2 O-O-O 12. O-O-O Re8 $146 {The position is equal.} ({Predecessor:} 12... g6 13. f4 Bg7 14. c5 Nd5 15. Bc4 Nxc3 16. Bxc3 Qe7 17. Qe3 Rhe8 18. Rhe1 f6 19. exf6 Bxf6 20. Qxe7 Bxe7 21. Bf7 {1-0 (21) Horvath,K (1867)-Kun,S (2062) Hungary 2013}) 13. Re1 Bb4 14. Bd3 c5 15. Qf4 g5 16. Qf6 h6 17. f3 $36 {[%mdl 2048] White has some pressure.} Ba6 18. b3 Bxc3 19. Bxc3 Nd5 20. cxd5 Qxf6 21. exf6 {[%cal Be5f6,Bf6e7][%mdl 32]} Bxd3 22. Re7 Bg6 23. h4 gxh4 24. Rxh4 h5 25. b4 Rxe7 26. fxe7 $16 {[%mdl 4096] Endgame KRB-KRB} Re8 27. Bf6 cxb4 28. d6 cxd6 29. f4 $1 d5 {[#]} 30. g4 $1 d6 ({Don't go for} 30... hxg4 $2 31. f5) 31. gxh5 (31. f5 $16) 31... Bh7 $1 $14 32. Rg4 {Black must now prevent Rg7.} Kd7 33. Rg7 Be4 $2 {[%mdl 8192]} (33... Ke6 $14) 34. Rxf7 $18 d4 35. Rf8 a5 36. h6 a4 37. Bg5 {f5 is the strong threat.} Bh7 38. f5 {[%cal Bf4f5,Bf5f6][%mdl 32]} b3 39. axb3 a3 40. f6 d3 41. Bd2 (41. f7 $142 Rxe7 {[#]} 42. Rd8+ $1 {[%mdl 512]} Kc7 43. Bxe7 a2 44. Ra8 d5 45. f8=Q a1=Q+ 46. Rxa1) 41... Bg8 42. Kb1 {Precision: White = 69%, Black = 45%.} (42. f7 $142 Bxf7 43. h7 Kxe7 44. Bg5+ Kd7 45. Rxe8 Bxe8 46. h8=Q) 1-0